La historia de una gran amistad /

Detalles Bibliográficos
Autor principal: Gallagher, David
Formato: Analitica de revista
Lenguaje:español

MARC

LEADER 00000cab a2200000 a 4500
001 032048
003 UAHC_CL
005 20170803123434.0
008 030915b xx j 000 1 spa
040 |a UAHC_CL  |c UAHC_CL  |d UAHC_CL 
100 1 |a Gallagher, David 
245 1 3 |a La historia de una gran amistad /  |c David Gallagher. 
300 |a p. 19-38 
500 |a En: Estudios Públicos. -- Nº100 (primavera, 2005), p. 19-38 
500 |a En: Estudios Públicos. -- Nº100 (primavera, 2005), p. 19-38 
500 |a En: Estudios Públicos. -- N∫100 (primavera, 2005), p. 19-38 
759 |a PP068 
773 0 |t Estudios públicos  |w 032045 
900 |a ESTUD. PUBLICOS-100/05 
942 |c REVA 
952 |0 0  |1 0  |4 0  |6 ESTUD___PUBLICOS100_05_000000000000000  |7 0  |8 General  |9 62328  |a BC  |b BC  |c General  |d 2017-08-03  |l 0  |o ESTUD. PUBLICOS-100/05  |p FICTICIO2813  |r 2019-01-08 00:00:00  |t 1  |w 2017-08-03  |y REVA 
999 |c 32048  |d 32048